000 00249nam a2200109Ia 4500
008 190216s9999||||xx |||||||||||||| ||und||
100 _aRathna Swami
245 0 _aAsiayude Charithram
260 _bSahithya Nilayam
650 _aHistory
942 _cBK
999 _c18862
_d18862